00362nam a2200097Ia 4500008004100000020002200041082001700063100007900080245009700159300000800256210430s9999 xx 000 0 und d a978-93-392-0538-6 a658.421 H62E aRobert D. Hisrich, Mathew J. Manimala, Michael P. Peters, Dean A. SHepherd aEnterpreneurshipcRobert D. Hisrich, Mathew J. Manimala, Michael P. Peters, Dean A. SHepherd a696